|
|
|
|
| LEADER |
00000cam a2200000 7i4500 |
| 001 |
0000051758 |
| 005 |
20150908.0 |
| 008 |
150908 |
| 020 |
|
|
|a 9832852811(set)
|
| 020 |
|
|
|a 9832852951
|
| 090 |
0 |
0 |
|a MOR
|b MAL
|
| 100 |
0 |
|
|a Syed Mahadzir
|
| 245 |
1 |
0 |
|a Muis Berhati Mulia
|c Syed Mahadzir
|
| 260 |
|
|
|a Selangor :
|b Cooray's House Of Publication Sdn Bhd ,
|c (s.n)
|
| 490 |
0 |
|
|a Siri Hentikan Buli
|
| 999 |
|
|
|a 0001042855
|b Book
|c Children Collection
|e Cawangan Segamat
|
| 999 |
|
|
|a 0001042856
|b Book
|c Children Collection
|e Cawangan Bandar Penawar
|
| 999 |
|
|
|a 0001042878
|b Book
|c Children Collection
|e Cawangan Segamat
|
| 999 |
|
|
|a 0001042879
|b Book
|c Children Collection
|e Cawangan Bandar Penawar
|
| 999 |
|
|
|a 0001042880
|b Book
|c Teenagers
|e Cawangan Bandar Tenggara
|
| 999 |
|
|
|a 0001052111
|b Book
|c Children Collection
|e Cawangan Taman Universiti
|
| 999 |
|
|
|a 0001052112
|b Book
|c Children Collection
|e Cawangan Mersing
|
| 999 |
|
|
|a 0001052113
|b Book
|c Children Collection
|e Cawangan Pontian
|
| 999 |
|
|
|a 0001052114
|b Book
|c Children Collection
|e Cawangan Taman Sri Lambak
|
| 999 |
|
|
|a 0001052115
|b Book
|c Children Collection
|e Cawangan Kota Tinggi
|
| 999 |
|
|
|a 0001052846
|b Book
|c Teenagers
|e Cawangan Bandar Tenggara
|
| 999 |
|
|
|a 0001071033
|b Book
|c Children Collection
|e Cawangan Tangkak
|
| 999 |
|
|
|a 0001071046
|b Book
|c Children Collection
|e Cawangan Taman Universiti
|
| 999 |
|
|
|a 0001075536
|b Book
|c Children Collection
|e Cawangan Taman Sri Lambak
|
| 999 |
|
|
|a 0001075635
|b Book
|c Adult Collection
|e Cawangan Mersing
|
| 999 |
|
|
|a 0001075756
|b Book
|c Children Collection
|e Cawangan Taman Universiti
|
| 999 |
|
|
|a 0001130621
|b Book
|c Children Collection
|e Cawangan Bukit Gambir
|
| 999 |
|
|
|a 0001130719
|b Book
|c Children Collection
|e Cawangan Tangkak
|
| 999 |
|
|
|a 0001138605
|b Book
|c Children Collection
|e Cawangan Tangkak
|
| 999 |
|
|
|a 0001138625
|b Book
|c Children Collection
|e Cawangan Bandar Penawar
|